000 00608nam a2200241 4500
999 _c4036
_d4036
001 572077
003 OSt
005 20181128133459.0
008 730126s1972 ilu b |001 0 eng
010 _a72077958
020 _a0802484352
040 _aDLC
_cDLC
_dm.c.
_dCDC
082 _a230
_bR995S
092 _a230
_bR995S
100 1 _aRyrie, Charles Caldwell,
_d1925-
245 1 2 _aA survey of Bible doctrine
260 _aChicago,
_bMoody Press
_c[1972]
300 _a191 p.
_c22 cm
490 0 _aChristian handbooks
504 _aBibliography: p. 187
630 0 0 _aBible
_xTheology
942 _2ddc
_cBK